| 000 | 00379nam a2200145Ia 4500 | ||
|---|---|---|---|
| 005 | 20240814115844.0 | ||
| 008 | 240813s9999||||xx |||||||||||||| ||und|| | ||
| 082 | _a739 REE | ||
| 100 | _aReeves, Ruth | ||
| 245 | 0 | _aCire perdue casting in India | |
| 260 |
_aNew Delhi _bCraft Museum _c1962 |
||
| 300 | _a124p | ||
| 650 | _aArts, Crafts, Music, Sports and Recreations | ||
| 942 | _cBK | ||
| 999 |
_c4633 _d4633 |
||